1306 1809 1377 1176 1042 1917 1655 1514 1849 1118 1121 1918 1105 1593 1928 1246 1354 1474 1785 1920 1885 1700 1035 1493 1526 1966 1645 1636 1423 1402 1800 1585 1703 1886 1709 1315 1641 1132 1229 1560 1236 1403 1409 1632 1267 1183 1682 1220 1828 1873 1911 1129 1203 1228 1888 1188 1314 1005 1631 1555 1672 1964 1507 1739 1290 1870 1800 1754 1261 1436 1771 1272 1216 1809 1916 1745 1102 1941 1893 1944 1290 1384 1813 1093 1119 1222 1154 1976 1773 1217 1148 1276 1671 1860 1896 1747 1616 1277 1268 BCNSPRNW ULIB Ver.6.0+V

เปลี่ยนเป็นภาษาไทย

Change to English
 แสดงรายละเอียดบรรณานุกรม
  กลับหน้าหลัก

Brief Record : Get Marc (ISO 2709) : E-mail record : QR code < ปิดหน้าต่าง
LEADER : 00000nam 2200000uu 4500
001    13399112556
003     ULIB
008    110824s2554||||th 000 0 tha d
020    978611000147
090    นว.^bร147ซ 2553
100 0   ร่มแก้ว
245 00 ปฐพีเล่ห์รัก/^cร่มแก้ว
250    พิมพ์ครั้งที่ 1
260    กรุงเทพฯ :^bพิมพ์คำ,^c2554
300    324 หน้า
945    ^p230^l0^i028048
995     เกษร
999     ^aใช้งานได้ทุกระบบ
รายการนี้ยังไม่มีแท็ก
คุณยังไม่ได้ล็อกอิน คุณสามารถมีกิจกรรมร่วมกับเว็บไซต์ได้ แต่ต้องล็อกอินก่อน ::
  ล็อกอิน

รายการสื่อสารสนเทศ

ลำดับที่ ประเภท เลขเรียก/บาร์โค้ด สถานที่ สถานะ
- ไม่พบข้อมูล -

รายการใกล้เคียง
    ผู้แต่ง [ร่มแก้ว]

BibComment


ยังไม่เคยถูกคอมเมนท์

คอมเมนท์ทรัพยากรรายการนี้
  คอมเมนท์: ปฐพีเล่ห์รัก ร่มแ..


 Copyright 2026. Bcnsprnw @Library